000 00463nam a22001337a 4500
040 _cNUST
082 _a220 PRO
100 _aSyed M Saim Navaid Ahmed Waqar Rao Muhammad Osama Gul
_998614
110 _aProject Supervisor: Dr. Hamid Jabbar. Dr. Umar Shahbaz Khan
_998615
245 _aPR-SOF-2123-Design and Development of Olive Pitting and Grading Machine
260 _aISLAMABAD:
_bNUST COLLEGE OF EME,
_c2022.
650 _aDE-MTS-40
_998604
942 _2ddc
_cPR
999 _c591328
_d591328